City Flags - Statistics

General Stats
  • This quiz has been taken 52 times
  • The average score is 34 of 60
Answer Stats
Picture Answer % Correct
Hong Kong
97%
Taipei
97%
London
92%
Amsterdam
89%
Berlin
89%
Singapore
89%
Tokyo
89%
Moscow
81%
New York City
81%
Kuala Lumpur
78%
Macau
78%
Chicago
76%
Washington, D.C.
76%
Los Angeles
73%
Paris
73%
Seoul
73%
Toronto
70%
Barcelona
68%
Oslo
68%
Rome
68%
Lisbon
65%
Manila
65%
Stockholm
65%
Boston
62%
Cairo
62%
Bangkok
59%
Warsaw
59%
Dubai
57%
Miami
57%
Budapest
54%
Jakarta
54%
Kyiv
54%
Addis Ababa
51%
Madrid
51%
Montréal
51%
St. Petersburg
51%
Brussels
49%
Philadelphia
49%
Sydney
46%
Bucharest
43%
Cusco
43%
Johannesburg
43%
Osaka
43%
Tehran
43%
Munich
41%
Rio de Janeiro
41%
Vienna
41%
Athens
38%
Brasilia
38%
Buenos Aires
38%
Minsk
38%
São Paulo
38%
Bogota
35%
Santiago
35%
Belgrade
30%
Lagos
27%
Nairobi
24%
Almaty
19%
Auckland
16%
Novosibirsk
8%
No matching quizzes found
Score Distribution
Percent of People with Each Score
Percentile by Number Answered
Your Score History
You have not taken this quiz